| 000 | 00800cam a2200253 4500 | ||
|---|---|---|---|
| 001 | 21080 | ||
| 003 | BD-RjUL | ||
| 005 | 20211209000639.0 | ||
| 008 | 140303s1973 enk b 000 0 eng | ||
| 020 | _a0773501657 | ||
| 035 | _a(BD-RjUL)21144 | ||
| 040 |
_aDLC _cDLC _dDLC _dBD-RjUL _beng |
||
| 041 | _aeng | ||
| 082 | 0 | 0 |
_a821.912 _bBOW 1973 |
| 100 | 1 |
_aBolgan, Anne C. _965140 |
|
| 245 | 1 | 0 |
_aWhat the thunder really said : _bA retrospective essay on the making of The waste land / _c Anne C. Bolgan. |
| 260 |
_aLondon : _bMcGill-Queen's University Press, _c1973. |
||
| 300 |
_axvi, 184 p. ; _c23 cm. |
||
| 504 | _aIncludes bibliographical references. | ||
| 600 | 1 | 0 |
_aEliot, T. S. _q(Thomas Stearns), _d1888-1965. _965150 |
| 942 |
_2ddc _cBK |
||
| 999 |
_c21080 _d21080 |
||